000
00227nam a2200097Ia 4500
008
230915s9999 xx 000 0 und d
050
_a
HN17.5.E368 2009
100
_a
STANLEY D.EITZEN
245
0
_a
SOCIAL PROBLEMS
942
_c
BK
999
_c
157974
_d
157974